COST ACCOUNTING: (Record no. 3507)

000 -LEADER
fixed length control field 00319nam a22001097a 4500
008 - FIXED-LENGTH DATA ELEMENTS--GENERAL INFORMATION
fixed length control field 151012b xxu||||| |||| 00| 0 eng d
020 ## - INTERNATIONAL STANDARD BOOK NUMBER
International Standard Book Number 0131799460
100 ## - MAIN ENTRY--PERSONAL NAME
Personal name HORNGREW CHARLES T.
245 ## - TITLE STATEMENT
Title COST ACCOUNTING:
Remainder of title A MANAGERIAL EMPHASIS.
250 ## - EDITION STATEMENT
Edition statement 7 th (ED)
260 ## - PUBLICATION, DISTRIBUTION, ETC. (IMPRINT)
Place of publication, distribution, etc. ENGLEWOOD;
Name of publisher, distributor, etc. PRENTICE-HALL INTERNATIONAL,INC
Date of publication, distribution, etc. 1991.
Holdings
Withdrawn status Lost status Source of classification or shelving scheme Damaged status Not for loan Home library Current library Shelving location Date acquired Total Checkouts Date last seen Date last checked out Price effective from Koha item type
        Not For Loan Dodoma Dodoma Ground Floor 12/10/2015   29/07/2019   12/10/2015 BOOKS

IRDP © 2019 :: Managed by IRDP ICT Unit